| 000 | 00856nam a2200217 a 4500 | ||
|---|---|---|---|
| 005 | 20231202063637.0 | ||
| 008 | 991125s1974 es 000 0 spa u | ||
| 020 | _a8428102740 (obra completa) | ||
| 035 | _aUPN01000043904 | ||
| 049 | _aCG | ||
| 050 | 4 |
_aLB5 _bT7.2 no.1-2 |
|
| 245 | 0 | 0 |
_aPedagogía comparada / _cMaurice Debesse ... [et al.] ; tr. de Prudenci Comes. |
| 260 |
_aBarcelona, Esp. : _bOikos-Tau, _c1974. |
||
| 300 | _a2 v. | ||
| 440 | 0 |
_aTratado de ciencias pedagógicas ; _v1-2 |
|
| 505 | 8 |
_aContenido: _gv.1. _tSistema pedagógico francés -- _gv.2. _tLos sistemas pedagógicos de Inglaterra, Gales, Estados Unidos, Alemania Federal, Unión Soviética y China Popular |
|
| 534 |
_pTítulo original: _tPedagogie compáree |
||
| 650 | 4 |
_aEducación comparada _99140 |
|
| 700 | 1 |
_aDebesse, Maurice, _d1903-1998 _ecoaut. _933826 |
|
| 905 | _aLibro | ||
| 999 |
_c43904 _d43904 |
||